Systém organizace a řízení jednotlivých odvětví nevýrobní sféry v oblastech závěrečná zpráva SPEV VI-4/2

Uložené v:
Podrobná bibliografia
Médium: Kniha
Jazyk:Czech
Vydavateľské údaje: Ostrava Výzkumný ústav rozvoje oblasti a měst 1980
Tagy: Pridať tag
Žiadne tagy, Buďte prvý, kto otaguje tento záznam!

MARC

LEADER 00000nam a2200000 4500
001 c141925
005 20041019155323.3
041 0 |a cze 
044 |a CZ 
245 1 0 |a Systém organizace a řízení jednotlivých odvětví nevýrobní sféry v oblastech  |b závěrečná zpráva SPEV VI-4/2 
264 1 |a Ostrava  |b Výzkumný ústav rozvoje oblasti a měst  |c 1980 
300 |a 60 s.